000 00622nam a22001937a 4500
005 20251108171852.0
008 250721s1969 xx 000 0 ara d
082 1 4 _a621.381/لاي
100 1 _aلايبز، س
245 1 0 _aصيانة الراديو الترانزستور /
250 _aط2
264 1 _aالقاهرة :
_bدار نهضة مصر،
_c1969.
300 _a238ص
490 0 _aمجموعة الكتب الدراسية و المراجع الأمريكية المترجمة
650 1 7 _aالراديو
700 1 _aعواد، أحمد كمال
_eترجمة
942 _2ddc
_cBK
999 _c64727
_d64727